Catálogo
 En Linea
Vista normal Vista MARC

Entrada Nombre personal

Número de registros utilizados en: 1

001 - NÚMERO DE CONTROL

  • campo de control: 82435

003 - IDENTIFICADOR DEL NÚMERO DE CONTROL

  • campo de control: DO-SdBNP

005 - FECHA Y HORA DE LA ÚLTIMA TRANSACCIÓN

  • campo de control: 20220926144325.0

008 - DATOS DE LONGITUD FIJA

  • campo de control de longitud fija: 220926|| aca||aabn | a|a d

040 ## - FUENTE DE LA CATALOGACIÓN

  • Centro catalogador/agencia de origen: DO-SdBNP
  • Centro/agencia transcriptor: DO-SdBNP

100 ## - ENCABEZAMIENTO-NOMBRE DE PERSONA

  • Nombre de persona: Bermúdez Arias, Fernando,
  • Fechas asociadas al nombre: 1933-

670 ## - FUENTE DE DATOS ENCONTRADOS

  • Cita de la fuente: Work cat.: (DO-SdBNP)52471: Bermúdez Arias, Fernando, 1933-, Santo, saña y opresión : algo de la historia ¿oculta?, ¿olvidada? del catolicismo, el enemigo de la libertad y del hombre y mujer libres /, 2005.

Con tecnología Koha